| 000 | 00709nam a2200241 u 4500 | ||
|---|---|---|---|
| 005 | 20230524064139.0 | ||
| 008 | 030807s2000 sp r 000 0 spa d | ||
| 020 | _a8426119336 | ||
| 040 |
_aMX-MxUPN _bspa _cMX-MxUPN |
||
| 041 | 0 | _aspa | |
| 050 | 4 |
_aB617 _bS438 2000 |
|
| 100 | 1 |
_aSéneca, Lucio Anneo, _d4a.C.-65d.C. _929999 |
|
| 245 | 1 | 0 | _aCartas a Lucilio |
| 250 | _aSegunda edición | ||
| 260 |
_aBarcelona, España : _bJuventud, _c2000. |
||
| 300 | _a464 páginas | ||
| 490 | _aLibros del bolsillo Z. Clásicos | ||
| 650 | 4 |
_aFilosofía antigua _96916 |
|
| 700 | 1 |
_aLópez Soto, Vicente _eprólogo _etraducción _945870 |
|
| 902 | _bNoemiAcosta/240323 | ||
| 905 | _aLibro | ||
| 942 |
_2lcc _cLIBRO |
||
| 999 |
_c209437 _d209437 |
||